000 01161nam a22004097a 4500
001 BR0404806
003 BR-BrBNA
005 20230928101733.0
007 ta
008 230509b bl.||||| |||| 00| 0 por d
040 _aBR-BrBNA
_bpor
_cBiblioteca Nacional de Agricultura
041 _a(Por)
072 _aC20; Q02
_b9430
090 _ 9430 BR0404806
100 1 _aLisboa, A.
100 1 _aBraga, C.P.M. de C.
100 1 _aCardoso, I. dos S.
100 1 _aFreire, M.A.
100 1 _aSouza, M.C. de
100 1 _aDias, M.J.C.
100 1 _aRios, R.R.
100 1 _aCiabotti, S.
100 1 _aMoreano, T.B.
110 1 _aServiço Nacional de Aprendizagem Rural, Brasília, DF (Brasil)
245 1 _aTrabalhador na produção de derivados do leite: queijo mussarela, queijo provolone fresco defumado
_bColeção SENAR - 08
250 1 _a2. ed.
260 3 _aBrasília, DF (Brasil):
_c2004.
300 _a52 p.
500 _a78 illus.
650 _aQUEIJO
650 _aMOZARELA
650 _aPROVOLONE
650 _aTECNOLOGIA DE ALIMENTO
650 _aEXTENSÃO RURAL
909 _a202309
_bLucia
_c55
_dLucia Elande
942 _cBK
999 _c67331
_d67331